[Event "M.Chigorin Memorial 2017 "]
[Site "?????-?????????"]
[Date "2017.10.27"]
[Round "7"]
[Board "102"]
[White "Krasovskiy, Sviatoslav"]
[Black "Shadunts, Kirill"]
[Result "0-1"]
[WhiteElo "2128"]
[BlackElo "1845"]
[PlyCount "76"]
[EventDate "2017.10.21"]
[EventRounds "9"]
[EventCountry "RUS"]

1. c4 e6 2. Nc3 d5 3. cxd5 exd5 4. d4 c6 5. Nf3 Bf5 6. Bg5 Be7 7. h4 h6 8. Bf4
Nf6 9. Ne5 Nbd7 10. e3 Nxe5 11. Bxe5 Qa5 12. Bd3 Ne4 13. Bxe4 Bxe4 14. Bxg7 Rg8
15. Bxh6 Rxg2 16. Qd2 Bf3 17. Kf1 Qa6+ 18. Ne2 Bb4 19. Qc2 Be4 20. Qb3 c5 21.
dxc5 Bf3 22. Qc2 Be4 23. Qb3 Bf3 24. Qc2 Rg6 25. Rh2 Bxe2+ 26. Qxe2 Rg1+ 27.
Kxg1 Qxe2 28. Rg2 O-O-O 29. Bg7 Rg8 30. Bd4 Rxg2+ 31. Kxg2 Be1 32. e4 Qxe4+ 33.
Kh3 Bd2 34. Be3 Ba5 35. Rg1 Bc7 36. h5 d4 37. Rg8+ Kd7 38. Bc1 Qh1+  0-1

[Event "M.Chigorin Memorial 2017 "]
[Site "?????-?????????"]
[Date "2017.10.27"]
[Round "7"]
[Board "103"]
[White "Alekseev, Mikhail"]
[Black "Eryshkanova, Anastasiya"]
[Result "0-1"]
[WhiteElo "1903"]
[BlackElo "2127"]
[PlyCount "80"]
[EventDate "2017.10.21"]
[EventRounds "9"]
[EventCountry "RUS"]

1. d4 e6 2. Nf3 c5 3. e4 cxd4 4. Nxd4 a6 5. Bd3 Nf6 6. O-O Qc7 7. Nc3 Be7 8.
Re1 d6 9. Nf3 Nbd7 10. Bf4 e5 11. Bg5 h6 12. Bh4 b5 13. a4 b4 14. Bxf6 Nxf6 15.
Na2 Rb8 16. c3 bxc3 17. b4 O-O 18. Rc1 Qb7 19. Rxc3 Be6 20. Qe2 Bxa2 21. Qxa2
Qxb4 22. Rc7 Rb7 23. Rb1 Qxb1+ 24. Bxb1 Rxc7 25. g3 Rb8 26. Bd3 a5 27. Nd2 Rb4
28. Bc4 Bf8 29. f3 g6 30. Bb3 Rc3 31. Bc4 Rb7 32. Bb5 Rbc7 33. Bc4 h5 34. Kf2
Bh6 35. Ke2 Bxd2 36. Bxf7+ Rxf7 37. Qxd2 Rfc7 38. Qxd6 Rc2+ 39. Kf1 Rd7 40.
Qb8+ Kg7  0-1

[Event "M.Chigorin Memorial 2017 "]
[Site "?????-?????????"]
[Date "2017.10.27"]
[Round "7"]
[Board "104"]
[White "Aga, Rihard"]
[Black "Guliev, Gasan"]
[Result "0-1"]
[WhiteElo "1842"]
[BlackElo "2123"]
[PlyCount "72"]
[EventDate "2017.10.21"]
[EventRounds "9"]
[EventCountry "RUS"]

1. d4 Nf6 2. c4 g6 3. Nc3 Bg7 4. e4 d6 5. f3 O-O 6. Be3 Nbd7 7. Nge2 c5 8. d5
Ne5 9. Nc1 e6 10. Be2 exd5 11. cxd5 a6 12. a4 h5 13. Nd3 Nc4 14. Bc1 Na5 15.
Nf2 Bd7 16. h4 b5 17. axb5 axb5 18. g4 b4 19. Nb1 hxg4 20. fxg4 Qe8 21. Qc2 c4
22. Nd2 Bb5 23. h5 c3 24. Nf3 b3 25. Qd1 Nxe4 26. Bxb5 Nxf2+ 27. Kxf2 Qxb5 28.
h6 Bf6 29. Bf4 cxb2 30. Rb1 Nc4 31. g5 Be5 32. Bxe5 dxe5 33. Qd3 Kh7 34. Rh4
Ra1 35. Rxc4 Rxb1 36. Qc3 Rf1+  0-1

[Event "M.Chigorin Memorial 2017 "]
[Site "?????-?????????"]
[Date "2017.10.27"]
[Round "7"]
[Board "105"]
[White "Strybuk, Artsiom I"]
[Black "Korchagina, Viktoria"]
[Result "1-0"]
[WhiteElo "1834"]
[BlackElo "2110"]
[PlyCount "41"]
[EventDate "2017.10.21"]
[EventRounds "9"]
[EventCountry "RUS"]

1. e4 c5 2. Nf3 Nc6 3. d4 cxd4 4. Nxd4 Nf6 5. Nc3 d6 6. Bg5 e6 7. Qd2 Be7 8.
O-O-O a6 9. f3 Bd7 10. g4 Rc8 11. Be3 b5 12. g5 Nh5 13. Kb1 Nxd4 14. Qxd4 Bxg5
15. Bxg5 Qxg5 16. Qxd6 Bc6 17. a4 Nf4 18. axb5 axb5 19. h4 Qf6 20. Bxb5 Bxb5
21. Nxb5  1-0

[Event "M.Chigorin Memorial 2017 "]
[Site "?????-?????????"]
[Date "2017.10.27"]
[Round "7"]
[Board "106"]
[White "Gimenez, Gregoire"]
[Black "Lingur, Zalina"]
[Result "0-1"]
[WhiteElo "1711"]
[BlackElo "2108"]
[PlyCount "64"]
[EventDate "2017.10.21"]
[EventRounds "9"]
[EventCountry "RUS"]

1. Nf3 c5 2. b3 d6 3. Bb2 e5 4. e4 Nf6 5. Nc3 g6 6. d3 Bg7 7. h3 Nc6 8. Qd2 O-O
9. Nd1 d5 10. exd5 Nxd5 11. Ne3 Nd4 12. Nxd4 cxd4 13. Nc4 b5 14. Na5 Nc3 15. b4
Qd6 16. a3 e4 17. Bxc3 dxc3 18. Qe3 exd3 19. Bxd3 Bd4 20. Qe2 Bb6 21. O-O-O
Bxa5 22. Be4 Qe7 23. Qf3 Rb8 24. Rd3 Bb6 25. Rxc3 a5 26. Rd1 axb4 27. axb4 Be6
28. Rc6 Qxb4 29. Rdd6 Ra8 30. c3 Ra1+ 31. Kd2 Qb2+ 32. Kd3 Bc4+  0-1

[Event "M.Chigorin Memorial 2017 "]
[Site "?????-?????????"]
[Date "2017.10.27"]
[Round "7"]
[Board "107"]
[White "Suleymanli, Aydin"]
[Black "Kutyanina, Mariya"]
[Result "1-0"]
[WhiteElo "2353"]
[BlackElo "2020"]
[PlyCount "51"]
[EventDate "2017.10.21"]
[EventRounds "9"]
[EventCountry "RUS"]

1. d4 e6 2. c4 f5 3. Nc3 Nf6 4. e3 Bb4 5. Bd3 O-O 6. Nge2 b6 7. O-O Bb7 8. f3
Bxc3 9. Nxc3 Nc6 10. a3 a5 11. b3 Qe8 12. Bb2 Qh5 13. Qd2 Qh6 14. Rad1 g5 15.
Nb5 Rac8 16. e4 fxe4 17. fxe4 Ne7 18. d5 d6 19. Nd4 exd5 20. exd5 Nh5 21. Qe3
Rxf1+ 22. Rxf1 Nf4 23. Qxe7 Rf8 24. Bf5 Qh4 25. Be6+ Nxe6 26. Qxe6+  1-0

[Event "M.Chigorin Memorial 2017 "]
[Site "?????-?????????"]
[Date "2017.10.27"]
[Round "7"]
[Board "108"]
[White "Popovich, Alexey"]
[Black "Utiatskaja, Irina"]
[Result "1-0"]
[WhiteElo "2023"]
[BlackElo "2203"]
[PlyCount "49"]
[EventDate "2017.10.21"]
[EventRounds "9"]
[EventCountry "RUS"]

1. e4 c5 2. Nf3 d6 3. d4 cxd4 4. Nxd4 Nf6 5. Nc3 a6 6. Be3 e6 7. f3 b5 8. a3
Nbd7 9. Qd2 Bb7 10. g4 h6 11. O-O-O Rc8 12. h4 d5 13. exd5 Nxd5 14. Nxd5 Bxd5
15. Be2 Ne5 16. Rhe1 Nc4 17. Bxc4 bxc4 18. Nf5 c3 19. Qd4 cxb2+ 20. Kb1 Qc7 21.
Rd2 Qc3 22. Qxc3 Rxc3 23. Rxd5 Rxa3 24. Kxb2 Bb4 25. Bc5  1-0

[Event "M.Chigorin Memorial 2017 "]
[Site "?????-?????????"]
[Date "2017.10.27"]
[Round "7"]
[Board "109"]
[White "Tsapalin, Sergey"]
[Black "Semenenko, Sergey"]
[Result "0-1"]
[WhiteElo "2016"]
[BlackElo "2175"]
[PlyCount "106"]
[EventDate "2017.10.21"]
[EventRounds "9"]
[EventCountry "RUS"]

1. c4 Nf6 2. Nc3 e6 3. e4 d5 4. e5 d4 5. exf6 dxc3 6. bxc3 Qxf6 7. d4 c5 8. Nf3
h6 9. Bd3 Nc6 10. Be4 Bd6 11. O-O O-O 12. Bc2 Ne7 13. Ba3 b6 14. Be4 Rb8 15.
Qe2 Bb7 16. Rfd1 Bxe4 17. Qxe4 Rbc8 18. Rac1 Rc7 19. Rc2 Rfc8 20. Rcd2 Qf5 21.
Qe2 Ng6 22. g3 e5 23. dxe5 Bxe5 24. Rd5 Re7 25. Nxe5 Rxe5 26. Qd2 Qe6 27. f4
Re2 28. Qd3 Re8 29. f5 Re1+ 30. Rxe1 Qxe1+ 31. Qf1 Qxf1+ 32. Kxf1 Ne5 33. Bc1
Nxc4 34. Rd7 a5 35. f6 g5 36. h4 Re5 37. g4 Re4 38. hxg5 hxg5 39. Rd5 Rxg4 40.
Rxg5+ Rxg5 41. Bxg5 Kh7 42. Ke2 Kg6 43. Bh4 Kf5 44. Kf3 a4 45. Ke2 Ne5 46. Ke3
b5 47. Bg3 Nd7 48. a3 Kxf6 49. Kd3 Ke6 50. Bf4 Ne5+ 51. Kc2 Kd5 52. Bh6 Nc4 53.
Bc1 Ke4  0-1

[Event "M.Chigorin Memorial 2017 "]
[Site "?????-?????????"]
[Date "2017.10.27"]
[Round "7"]
[Board "110"]
[White "Dmitriev, Vladimir"]
[Black "Vunder, Andrey"]
[Result "0-1"]
[WhiteElo "2013"]
[BlackElo "2161"]
[PlyCount "64"]
[EventDate "2017.10.21"]
[EventRounds "9"]
[EventCountry "RUS"]

1. e4 e6 2. d4 d5 3. Nd2 c5 4. c3 Nc6 5. Ngf3 Nf6 6. e5 Nd7 7. Bd3 g6 8. h4 Qb6
9. h5 Rg8 10. hxg6 hxg6 11. a4 cxd4 12. a5 Nxa5 13. Qa4 Nc6 14. cxd4 Qb4 15.
Qd1 Nxd4 16. Nxd4 Qxd4 17. Nf3 Qb6 18. Rh7 Bg7 19. Qe2 Nc5 20. Bc2 Bd7 21. Ng5
Bb5 22. Qf3 Qc7 23. b4 Qxe5+ 24. Kd1 Qd4+ 25. Ke1 Qc3+ 26. Kd1 Qxf3+ 27. gxf3
Nd3 28. Ra5 a6 29. Rxb5 Nxf2+ 30. Ke2 axb5 31. Bb3 Ra1 32. Kd2 Nd3  0-1

[Event "M.Chigorin Memorial 2017 "]
[Site "?????-?????????"]
[Date "2017.10.27"]
[Round "7"]
[Board "111"]
[White "Scheglov, Dmitry"]
[Black "Kuznetsov, Roman"]
[Result "1-0"]
[WhiteElo "2155"]
[BlackElo "2004"]
[PlyCount "79"]
[EventDate "2017.10.21"]
[EventRounds "9"]
[EventCountry "RUS"]

1. e4 e6 2. d4 d5 3. Nd2 Nf6 4. Bd3 c5 5. c3 Nc6 6. Ngf3 Qb6 7. e5 Nd7 8. O-O
cxd4 9. cxd4 Nxd4 10. Nxd4 Qxd4 11. Nf3 Qb6 12. a3 Be7 13. b4 O-O 14. Be3 Qd8
15. Re1 Re8 16. h4 Nf8 17. h5 Bd7 18. Nd4 f6 19. f4 Rc8 20. Qf3 a5 21. Rab1
axb4 22. axb4 Qc7 23. Rec1 Qb8 24. Qg3 Rxc1+ 25. Rxc1 f5 26. Qf3 Rc8 27. Rd1
Bxb4 28. Bxf5 exf5 29. Qxd5+ Kh8 30. h6 gxh6 31. e6 Qd6 32. Qxd6 Bxd6 33. exd7
Nxd7 34. Nxf5 Bxf4 35. Bxf4 Rf8 36. Rxd7 Rxf5 37. Bxh6 Kg8 38. Rg7+ Kh8 39.
Rxb7 Kg8 40. Rb8+  1-0

[Event "M.Chigorin Memorial 2017 "]
[Site "?????-?????????"]
[Date "2017.10.27"]
[Round "7"]
[Board "112"]
[White "Ufimtsev, Egor"]
[Black "Kundianok, Vladislav"]
[Result "0-1"]
[WhiteElo "2143"]
[BlackElo "1993"]
[PlyCount "76"]
[EventDate "2017.10.21"]
[EventRounds "9"]
[EventCountry "RUS"]

1. Nf3 Nf6 2. c4 e6 3. g3 a6 4. Bg2 b5 5. b3 c5 6. O-O Bb7 7. Bb2 Be7 8. Na3
Qb6 9. d4 cxd4 10. Nxd4 Bxg2 11. Kxg2 Nc6 12. Nf3 O-O 13. cxb5 axb5 14. Nc2 d5
15. Ncd4 Ne4 16. Nxc6 Qxc6 17. Nd4 Qb7 18. f3 Nd6 19. Qd2 Bf6 20. Rfc1 Rfc8 21.
Rxc8+ Rxc8 22. Rc1 e5 23. Rxc8+ Qxc8 24. Nc2 Nf5 25. Nb4 d4 26. Nd5 h5 27. g4
hxg4 28. fxg4 Qc6 29. gxf5 Qxd5+ 30. Kg1 Qe4 31. Qd3 Qg4+ 32. Kf1 Qf4+ 33. Kg2
e4 34. Qxb5 Be5 35. Qe8+ Kh7 36. Qxf7 Qxh2+ 37. Kf1 Qh1+ 38. Kf2 e3#  0-1

[Event "M.Chigorin Memorial 2017 "]
[Site "?????-?????????"]
[Date "2017.10.27"]
[Round "7"]
[Board "113"]
[White "Lagashin, Pavel"]
[Black "Gordon, Evgeny"]
[Result "0-1"]
[WhiteElo "2138"]
[BlackElo "1990"]
[PlyCount "86"]
[EventDate "2017.10.21"]
[EventRounds "9"]
[EventCountry "RUS"]

1. d4 d5 2. c4 c5 3. Nf3 cxd4 4. Qxd4 Nf6 5. cxd5 Qxd5 6. Qxd5 Nxd5 7. a3 Bd7
8. e4 Nf6 9. Nc3 Nc6 10. Bg5 h6 11. Bh4 g5 12. Bg3 Nh5 13. Bc4 Nxg3 14. hxg3
Bg7 15. O-O-O Rd8 16. Nd5 O-O 17. Kb1 Be6 18. Ba2 Rd7 19. Ne3 Bxa2+ 20. Kxa2
Rfd8 21. Rxd7 Rxd7 22. Nf5 g4 23. Nxg7 Kxg7 24. Nh2 Ne5 25. f4 gxf3 26. Nxf3
Nxf3 27. gxf3 Rd2 28. Rc1 Rd3 29. Rc7 Rxf3 30. Rxe7 Rxg3 31. Rxb7 a6 32. b4 h5
33. b5 axb5 34. Rxb5 Kg6 35. Rb6+ Kg5 36. Rb5+ Kg4 37. Rb7 Rf3 38. Rb8 h4 39.
a4 h3 40. Rh8 Rf6 41. Kb3 Kg3 42. a5 h2 43. Rh5 Rf1  0-1

[Event "M.Chigorin Memorial 2017 "]
[Site "?????-?????????"]
[Date "2017.10.27"]
[Round "7"]
[Board "114"]
[White "Chekletsov, Egor"]
[Black "Kamnev, Alexander"]
[Result "1/2-1/2"]
[WhiteElo "1970"]
[BlackElo "2132"]
[PlyCount "82"]
[EventDate "2017.10.21"]
[EventRounds "9"]
[EventCountry "RUS"]

1. d4 d5 2. c4 e6 3. Nc3 Be7 4. cxd5 exd5 5. Bf4 c6 6. e3 Bf5 7. Bd3 Bxd3 8.
Qxd3 Nf6 9. Nge2 Nbd7 10. h3 Nf8 11. O-O Ng6 12. Bh2 Bd6 13. Bxd6 Qxd6 14. Rab1
O-O 15. Na4 Ne4 16. b4 f5 17. Nc5 b6 18. Nxe4 dxe4 19. Qc4+ Kh8 20. Rbc1 Rac8
21. b5 c5 22. dxc5 Rxc5 23. Qd4 Qe5 24. a4 Rfc8 25. Rxc5 bxc5 26. Qxe5 Nxe5 27.
Rb1 g6 28. Nc3 Rb8 29. a5 Kg7 30. b6 axb6 31. axb6 Kf7 32. Rb5 Nd7 33. Na4 Ke7
34. Nxc5 Rxb6 35. Rxb6 Nxb6 36. g4 Kd6 37. Nb3 Ke5 38. gxf5 gxf5 39. Kg2 f4 40.
exf4+ Kxf4 41. Nc5 Nd5  1/2-1/2

[Event "M.Chigorin Memorial 2017 "]
[Site "?????-?????????"]
[Date "2017.10.27"]
[Round "7"]
[Board "115"]
[White "Pogorelskikh, Sofia"]
[Black "Bondarenko, Ivan"]
[Result "0-1"]
[WhiteElo "1959"]
[BlackElo "2131"]
[PlyCount "68"]
[EventDate "2017.10.21"]
[EventRounds "9"]
[EventCountry "RUS"]

1. e4 c5 2. Nf3 e6 3. d4 cxd4 4. Nxd4 a6 5. Bd3 Ne7 6. c4 Nbc6 7. Nxc6 Nxc6 8.
Nc3 Be7 9. O-O O-O 10. Bf4 d6 11. Rc1 b6 12. Qd2 Ne5 13. Rfd1 Qc7 14. b3 Bb7
15. Bb1 Rfd8 16. Qe2 Rac8 17. Be3 Nd7 18. h3 Qb8 19. a3 Bc6 20. b4 Re8 21. Bf4
Ba8 22. Ba2 Ne5 23. Na4 b5 24. cxb5 axb5 25. Nc3 Bc6 26. a4 Ng6 27. axb5 Nxf4
28. Qg4 Bxb5 29. Qxf4 Bd7 30. Qd2 Qxb4 31. Rc2 Qc5 32. Rdc1 Bg5 33. Na4 Bxd2
34. Nxc5 Bxc1  0-1

[Event "M.Chigorin Memorial 2017 "]
[Site "?????-?????????"]
[Date "2017.10.27"]
[Round "7"]
[Board "116"]
[White "Sakorenko, Adriana"]
[Black "Atakishiyev, Elmar"]
[Result "1/2-1/2"]
[WhiteElo "2127"]
[BlackElo "1969"]
[PlyCount "107"]
[EventDate "2017.10.21"]
[EventRounds "9"]
[EventCountry "RUS"]

1. d4 d5 2. Bf4 e6 3. e3 Bd6 4. Bxd6 Qxd6 5. c3 Nf6 6. f4 b6 7. Nf3 O-O 8. Bd3
Ba6 9. Bxa6 Nxa6 10. O-O c5 11. Ne5 Ne4 12. Qd3 Nb8 13. Nd2 Nxd2 14. Qxd2 f6
15. Nf3 Nc6 16. Rad1 Rad8 17. Qe2 Rfe8 18. e4 dxe4 19. Qxe4 cxd4 20. Nxd4 Nxd4
21. Qxd4 Qxd4+ 22. Rxd4 Rxd4 23. cxd4 Rc8 24. g3 Rc4 25. Rd1 Rc2 26. d5 Kf7 27.
a4 Rxb2 28. d6 Ke8 29. Rc1 Rd2 30. Rc8+ Kf7 31. Rc7+ Kg6 32. d7 a6 33. Rb7 b5
34. a5 Kf5 35. Ra7 b4 36. Rxa6 Rxd7 37. Rb6 Ra7 38. Rb5+ e5 39. fxe5 fxe5 40.
Rxb4 Rxa5 41. Rb7 Kf6 42. Rb6+ Kg5 43. Rb7 Kh6 44. Rb6+ g6 45. Rb7 Ra4 46. Re7
e4 47. h4 Kh5 48. Rxh7+ Kg4 49. Kf2 Ra2+ 50. Ke3 Kxg3 51. Rh6 Ra3+ 52. Kxe4
Ra4+ 53. Ke3 Rxh4 54. Rxg6+  1/2-1/2

[Event "M.Chigorin Memorial 2017 "]
[Site "?????-?????????"]
[Date "2017.10.27"]
[Round "7"]
[Board "117"]
[White "Paramzina, Anastasya"]
[Black "Natarov, Ilya"]
[Result "1-0"]
[WhiteElo "2123"]
[BlackElo "1961"]
[PlyCount "67"]
[EventDate "2017.10.21"]
[EventRounds "9"]
[EventCountry "RUS"]

1. e4 Nf6 2. e5 Nd5 3. d4 d6 4. Nf3 Bg4 5. Be2 e6 6. h3 Bh5 7. c4 Nb6 8. Nc3
Be7 9. O-O O-O 10. b3 d5 11. Bf4 Nc6 12. c5 Nd7 13. a3 f6 14. exf6 Bxf6 15. g4
Bg6 16. g5 Be7 17. Qd2 Na5 18. Bd1 b6 19. Nb5 Bf5 20. Bxc7 Qe8 21. h4 Nxc5 22.
dxc5 Qxb5 23. Nd4 Qxc5 24. Rc1 Qxa3 25. Nxf5 Rxf5 26. Qe3 Rf7 27. Bc2 Bc5 28.
Qxe6 Kf8 29. Qxd5 Re8 30. g6 hxg6 31. Bxg6 Rxc7 32. Rc3 Bd4 33. Rxc7 Re7 34.
Rc8+  1-0

[Event "M.Chigorin Memorial 2017 "]
[Site "?????-?????????"]
[Date "2017.10.27"]
[Round "7"]
[Board "118"]
[White "Zakirov, Rafael"]
[Black "Stepanyan, Eva"]
[Result "1-0"]
[WhiteElo "2120"]
[BlackElo "1952"]
[PlyCount "120"]
[EventDate "2017.10.21"]
[EventRounds "9"]
[EventCountry "RUS"]

1. d4 Nf6 2. c4 e6 3. Nc3 Bb4 4. Qc2 b6 5. a3 Bxc3+ 6. Qxc3 Bb7 7. f3 d5 8. Bg5
Nbd7 9. e3 h6 10. Bh4 O-O 11. cxd5 Nxd5 12. Bxd8 Nxc3 13. Bh4 Nd5 14. Bf2 Rac8
15. e4 Ne7 16. Rc1 Rfd8 17. Bb5 c6 18. Ba4 e5 19. Ne2 exd4 20. Bxd4 b5 21. Bc2
c5 22. Bc3 Nc6 23. Kf2 a5 24. Rhd1 Nb6 25. Rxd8+ Rxd8 26. Rd1 Rxd1 27. Bxd1 Kf8
28. Bd2 Nc4 29. Bc1 N6e5 30. Bc2 b4 31. Nf4 Nc6 32. Nd3 Nd4 33. Nxc5 Nxc2 34.
Nxb7 Na1 35. axb4 axb4 36. Nc5 Ke7 37. Ke2 Kd6 38. Nd3 Nc2 39. Bd2 Nd4+ 40. Ke1
Nc2+ 41. Ke2 Nd4+ 42. Kd1 b3 43. Bf4+ Ke7 44. Be5 Ne6 45. Bc3 Ne3+ 46. Kd2 Nxg2
47. Nc1 Nh4 48. Ke3 Ng5 49. Bxg7 Ngxf3 50. Bxh6 f6 51. Bf4 Ne1 52. Bg3 Nc2+ 53.
Kd3 Nf3 54. Nxb3 Nb4+ 55. Ke3 Ng5 56. Nc5 Nf7 57. Kd4 Nd8 58. Kc4 Ndc6 59. Kb5
f5 60. e5 f4  1-0

[Event "M.Chigorin Memorial 2017 "]
[Site "?????-?????????"]
[Date "2017.10.27"]
[Round "7"]
[Board "119"]
[White "Zemnitskiy, Alexander"]
[Black "Rudikov, Dmitry"]
[Result "1-0"]
[WhiteElo "2112"]
[BlackElo "1943"]
[PlyCount "111"]
[EventDate "2017.10.21"]
[EventRounds "9"]
[EventCountry "RUS"]

1. Nf3 d5 2. d4 e6 3. e3 Nf6 4. c4 c6 5. Nbd2 Nbd7 6. Bd3 c5 7. O-O Bd6 8. e4
dxe4 9. Nxe4 Nxe4 10. Bxe4 O-O 11. b3 Nf6 12. Bc2 b6 13. Bb2 Bb7 14. Qe2 Qc7
15. h3 Rad8 16. Rad1 Rfe8 17. dxc5 Qxc5 18. Ne5 h6 19. Rfe1 Nd7 20. Bd4 Qa5 21.
Nxd7 Rxd7 22. Be5 Red8 23. Rxd6 Rxd6 24. Bxd6 Rxd6 25. Rd1 Qg5 26. g3 Rxd1+ 27.
Qxd1 g6 28. h4 Qf6 29. Bd3 h5 30. Bf1 Bf3 31. Be2 Be4 32. Bf1 Bf3 33. Qd3 e5
34. Bg2 e4 35. Qd2 Bxg2 36. Kxg2 Qf3+ 37. Kg1 Qf6 38. b4 Qe5 39. Kg2 Qe7 40. a3
Qe6 41. Qd8+ Kg7 42. Qd4+ f6 43. c5 Qc6 44. Kg1 b5 45. Qd8 Qe6 46. Qc7+ Kg8 47.
Qb8+ Kg7 48. Qxa7+ Kh6 49. Qb8 g5 50. hxg5+ Kxg5 51. Qxb5 e3 52. Qe2 exf2+ 53.
Qxf2 Qb3 54. Kh2 Qxa3 55. c6 Qc3 56. Qc5+  1-0

[Event "M.Chigorin Memorial 2017 "]
[Site "?????-?????????"]
[Date "2017.10.27"]
[Round "7"]
[Board "120"]
[White "Manush, Shah"]
[Black "Sokolov, Ilia"]
[Result "1-0"]
[WhiteElo "2109"]
[BlackElo "1909"]
[PlyCount "107"]
[EventDate "2017.10.21"]
[EventRounds "9"]
[EventCountry "RUS"]

1. d4 Nf6 2. Nf3 e6 3. e3 c5 4. Bd3 Nc6 5. O-O Be7 6. c4 O-O 7. Nc3 cxd4 8.
exd4 d5 9. b3 b6 10. Bb2 Bb7 11. Rc1 Rc8 12. cxd5 exd5 13. Re1 Re8 14. Bf5 Rb8
15. Ne5 g6 16. Bh3 Bb4 17. a3 Bxc3 18. Rxc3 Nxe5 19. dxe5 Ne4 20. Rce3 Qh4 21.
Qc2 Ng5 22. Bd7 d4 23. Rd3 Be4 24. Bxe8 Rxe8 25. Qd2 Bxd3 26. Qxd3 Rd8 27. b4
Ne6 28. g3 Qg4 29. Re4 Qf5 30. Bc1 Ng5 31. Bxg5 Qxg5 32. Rxd4 Rxd4 33. Qxd4
Qc1+ 34. Kg2 Qxa3 35. Qd8+ Kg7 36. Qf6+ Kg8 37. e6 fxe6 38. Qxe6+ Kg7 39. b5
Qf8 40. Qd7+ Qf7 41. Qxf7+ Kxf7 42. Kf3 Ke6 43. Ke4 h5 44. f4 Kd6 45. Kd4 Ke6
46. h3 Kf5 47. Ke3 Ke6 48. Ke4 Kd6 49. Kd4 Ke6 50. g4 Kd6 51. gxh5 gxh5 52. h4
Ke6 53. Ke4 Kd6 54. f5  1-0

[Event "M.Chigorin Memorial 2017 "]
[Site "?????-?????????"]
[Date "2017.10.27"]
[Round "7"]
[Board "121"]
[White "Dushin, Nikolay"]
[Black "Pshmahov, Osman"]
[Result "0-1"]
[WhiteElo "1956"]
[BlackElo "2095"]
[PlyCount "58"]
[EventDate "2017.10.21"]
[EventRounds "9"]
[EventCountry "RUS"]

1. d4 Nf6 2. Bg5 d5 3. e3 e6 4. Nd2 c5 5. Ngf3 Nc6 6. c3 Qb6 7. Qb3 c4 8. Qc2
Qc7 9. e4 Be7 10. Be2 b5 11. O-O Bb7 12. e5 Nd7 13. Bxe7 Nxe7 14. a4 bxa4 15.
Rxa4 h6 16. Rfa1 Bc6 17. Ra5 O-O 18. b3 f6 19. exf6 Rxf6 20. Qa2 Qf4 21. Re1 g5
22. h3 h5 23. Rf1 g4 24. g3 cxb3 25. Qa3 Qh6 26. Qxe7 gxf3 27. Bd3 Qxd2 28.
Qh7+ Kf8 29. Rfa1 Rh6  0-1

[Event "M.Chigorin Memorial 2017 "]
[Site "?????-?????????"]
[Date "2017.10.27"]
[Round "7"]
[Board "122"]
[White "Khalaji, Hanieh"]
[Black "Pavlov, Mikhail"]
[Result "1-0"]
[WhiteElo "2093"]
[BlackElo "1849"]
[PlyCount "39"]
[EventDate "2017.10.21"]
[EventRounds "9"]
[EventCountry "RUS"]

1. d4 e6 2. Nf3 Nf6 3. Bg5 d5 4. e3 h6 5. Bh4 c5 6. c3 Nc6 7. Nbd2 Bd6 8. Bd3
O-O 9. h3 e5 10. dxe5 Nxe5 11. Nxe5 Bxe5 12. f4 Bd6 13. Qf3 Re8 14. O-O-O c4
15. Bb1 Bc5 16. Nxc4 b5 17. Ne5 Qb6 18. Rhe1 Bb7 19. Bxf6 gxf6 20. Qg3+  1-0

[Event "M.Chigorin Memorial 2017 "]
[Site "?????-?????????"]
[Date "2017.10.27"]
[Round "7"]
[Board "123"]
[White "Bhambure, Shantanu"]
[Black "Zolotyh, Lev"]
[Result "1-0"]
[WhiteElo "2088"]
[BlackElo "1831"]
[PlyCount "49"]
[EventDate "2017.10.21"]
[EventRounds "9"]
[EventCountry "RUS"]

1. d4 d5 2. c4 c6 3. Nf3 Nf6 4. Nc3 dxc4 5. a4 Bf5 6. Ne5 Nbd7 7. Nxc4 Qc7 8.
g3 e5 9. dxe5 Nxe5 10. Bf4 Nfd7 11. Bg2 O-O-O 12. O-O g5 13. Nd5 cxd5 14. Nxe5
gxf4 15. Nxf7 Bc5 16. Rc1 fxg3 17. Nxd8 gxh2+ 18. Kh1 Rxd8 19. Qxd5 Bg6 20. b4
Re8 21. bxc5 Nf6 22. Qd6 Qxd6 23. cxd6+ Kd7 24. Rfd1 Ne4 25. Bh3+  1-0

[Event "M.Chigorin Memorial 2017 "]
[Site "?????-?????????"]
[Date "2017.10.27"]
[Round "7"]
[Board "124"]
[White "Mitra, Roman C"]
[Black "Smorodkin, Kirill"]
[Result "1-0"]
[WhiteElo "2087"]
[BlackElo "1769"]
[PlyCount "117"]
[EventDate "2017.10.21"]
[EventRounds "9"]
[EventCountry "RUS"]

1. g3 d5 2. c4 c6 3. Bg2 Nf6 4. Nf3 Bg4 5. cxd5 cxd5 6. Ne5 Bf5 7. Nc3 e6 8. g4
Bg6 9. h4 h5 10. Nxg6 fxg6 11. g5 Nfd7 12. Qc2 Kf7 13. Nxd5 Bd6 14. Nf4 Bxf4
15. Bxb7 Rf8 16. Bxa8 Qb6 17. Be4 Kg8 18. e3 Bc7 19. d4 Qd6 20. Bd2 Na6 21. Qc6
Nb4 22. Qxd6 Bxd6 23. Bxb4 Bxb4+ 24. Ke2 e5 25. f3 exd4 26. exd4 Nb6 27. Rac1
Rd8 28. Rhd1 Bd6 29. Rc6 Bg3 30. Rxg6 Bxh4 31. b3 Bg3 32. a4 h4 33. a5 Nc8 34.
Rc6 Nd6 35. Rc5 Rb8 36. Bd5+ Kf8 37. Be6 Ke7 38. d5 Rxb3 39. Rc7+ Kd8 40. Rxa7
Nb5 41. Ra8+ Ke7 42. Rd3 Rb2+ 43. Rd2 Rb1 44. Rg8 Be5 45. a6 Ra1 46. Bc8 Ra3
47. Kf2 Nd4 48. Kg2 Nxf3 49. Re2 Kd6 50. Bg4 h3+ 51. Bxh3 Nxg5 52. Rd8+ Kc5 53.
Rxe5 Nxh3 54. d6+ Kd4 55. Rf5 g5 56. a7 Rxa7 57. Kxh3 Ke4 58. Kg4 Ra1 59. Kxg5
 1-0

[Event "M.Chigorin Memorial 2017 "]
[Site "?????-?????????"]
[Date "2017.10.27"]
[Round "7"]
[Board "125"]
[White "Efremov, Vladislav"]
[Black "Orlov, Alexandr"]
[Result "1-0"]
[WhiteElo "1953"]
[BlackElo "2075"]
[PlyCount "53"]
[EventDate "2017.10.21"]
[EventRounds "9"]
[EventCountry "RUS"]

1. d4 d5 2. c4 e6 3. Nf3 f5 4. g3 c6 5. Nbd2 Nf6 6. Bg2 Bd6 7. O-O O-O 8. Ne5
Bxe5 9. dxe5 Ng4 10. Nf3 dxc4 11. Qc2 Qa5 12. Bd2 Qc7 13. Bf4 b5 14. a4 Qb6 15.
h3 Nh6 16. Be3 c5 17. axb5 Qxb5 18. Bxh6 gxh6 19. Nd4 cxd4 20. Bxa8 Nc6 21. Qa4
Qxa4 22. Rxa4 Nxe5 23. Rd1 Bd7 24. Rxa7 Nc6 25. Bxc6 Bxc6 26. Rxd4 Bd5 27. f3
 1-0

[Event "M.Chigorin Memorial 2017 "]
[Site "?????-?????????"]
[Date "2017.10.27"]
[Round "7"]
[Board "126"]
[White "Myshkovskiy, Sviatoslav"]
[Black "Vasilyev, Alexey"]
[Result "0-1"]
[WhiteElo "2062"]
[BlackElo "1794"]
[PlyCount "60"]
[EventDate "2017.10.21"]
[EventRounds "9"]
[EventCountry "RUS"]

1. d4 Nf6 2. c4 e6 3. Nc3 Bb4 4. Nf3 b6 5. g3 Bb7 6. Bg2 O-O 7. O-O Bxc3 8.
bxc3 d6 9. a4 a5 10. Qb3 Nbd7 11. c5 dxc5 12. Ba3 Rb8 13. dxc5 bxc5 14. c4 Ne4
15. Rfd1 Nd6 16. Qc3 f6 17. Bh3 Re8 18. Rac1 Bc6 19. Qxa5 Ra8 20. Qc3 Rxa4 21.
Nd2 Qa8 22. Ra1 Kf7 23. Bb2 Rb8 24. Nf3 h6 25. Qe3 Rxb2 26. Qxe6+ Kf8 27. Nh4
Qe8 28. Ng6+ Qxg6 29. Rxa4 Bxa4 30. Ra1 Rb1+  0-1

[Event "M.Chigorin Memorial 2017 "]
[Site "?????-?????????"]
[Date "2017.10.27"]
[Round "7"]
[Board "127"]
[White "Veselov, Andrey"]
[Black "Patarin, Arnaud"]
[Result "1-0"]
[WhiteElo "2056"]
[BlackElo "1766"]
[PlyCount "81"]
[EventDate "2017.10.21"]
[EventRounds "9"]
[EventCountry "RUS"]

1. e4 c5 2. Nc3 g6 3. f4 Bg7 4. Nf3 Nc6 5. Bc4 e6 6. O-O Nge7 7. d3 O-O 8. Qe1
a6 9. a4 d5 10. Bb3 b6 11. f5 Nd4 12. Nxd4 cxd4 13. f6 dxc3 14. fxg7 Kxg7 15.
bxc3 f6 16. Ba3 Rf7 17. Qe3 Qc7 18. Rf3 Qxc3 19. Rb1 Qc7 20. Bb2 e5 21. Rbf1
Bb7 22. exd5 Nf5 23. Qf2 Qd6 24. g4 Nd4 25. Bxd4 exd4 26. g5 Bxd5 27. Rxf6 Bxb3
28. Rxd6 Rxf2 29. Rxf2 Bxa4 30. Rxb6 Rc8 31. Rb7+ Kg8 32. Rff7 Bxc2 33. Rg7+
Kf8 34. Rxh7 Kg8 35. Rbg7+ Kf8 36. Rxg6 Rc5 37. Rxa6 Rxg5+ 38. Kf2 Rf5+ 39. Ke2
Re5+ 40. Kd2 Bb3 41. Ra8+  1-0